| 000 | 00830nam a2200181 a 4500 | ||
|---|---|---|---|
| 001 | 000042039 | ||
| 005 | 20201002035912.0 | ||
| 008 | 131111s1983 sp 000 0 spa d | ||
| 020 | _a8460031691 | ||
| 040 |
_aDO-SdBNP _bspa _cBNPHU |
||
| 100 | 1 |
_aCarrasco Saavedra, Bernardo, 1624-1697 . _969019 |
|
| 245 | 1 | 0 |
_aSínodos de Santago de Chile de 1688 y 1763 / _aBernardo Carrasco Saavedra, Manuel de Alday y Aspee. |
| 260 |
_aMadrid-Salamanca : _bConsejo Superior de Investigaciones Científicas, Instituto de Historia de la Teología Española de la Universidad Pontificia de Salamanca, _c1983. |
||
| 300 |
_axx, 424 p. ; _c24 cm. |
||
| 490 | 1 |
_aTierra nueva e cielo nuevo ; Sínodos americanos ; _v9 |
|
| 700 | 1 |
_aAlday y Aspee, Manuel de, _d1712-1788. _969020 |
|
| 830 | 0 |
_aTierra nueva e cielo nuevo ; Sínodos americanos _v9 _966062 |
|
| 999 |
_c41528 _d41528 |
||